01122nam a2200325Ia 450000500170000000800410001702000150005802000180007304100080009108200170009910000220011624500750013825000180021330000550023149000250028650000430031153400550035460000550040965000280046465100430049270000380053570000460057394200150061926400240063433600270065833700330068533800280071804000350074699900150078120220317001833.0170410s2007 s a g 000 0 s  a849353823X a9788493538231 aspa04a844.91bS17v1 aSartre, Jean-Paul10aVenecia, TintorettocJean-Paul Sartre ; traducción de Carlos Manzano a1a. edición a113, [12] páginasbilustraciones en colorc21 cm aEnsayo y Biografía aContiene datos biográficos del autor tLe séquestréde Venise - Venise, des ma fenetre14aTintoretto, Jacopod1518-1594vBiografías915545142LEMBaEnsayos franceses 4aVenecia (Italia)vDescripción9777231 aManzano, Carlosetraductor9723561 aCalvo Seraller, FranciscoePrologo977724 2ddccBKLIT aMadridbGadirc2007 atextobtxt2rdacontent asin mediaciónbn2rdamedia avolumenbnc2rdacarrier aCO-BoRNBPbspaerdacCO-BoRNBP c8260d8260